Les Alain célèbres - Statistiques

Statistiques générales
  • Ce quiz a été pris 303 fois
  • Le résultat moyen est 9 sur 20
Statistiques - réponses
Indice 1 Indice 2 Nom % Correct
opticien (1948) il est fou Afflelou
91%
chanteur, acteur (1944) grand copain de Laurent Voulzy Souchon
85%
chanteur (1947-2009) vertige de l'amour Bashung
78%
pilote automobile (1955) Quadruple champion du monde des pilotes de Formule1 Prost
76%
homme politique français (1945) maire de Bordeaux Juppé
70%
acteur français(1935) a également la nationalité suisse depuis 1999 Delon
61%
footballeur français (1952) a joué avec Platini, Tigana Giresse
57%
nageur (1983) premier champion olympique français du 100 mètres nage libre lors des Jeux olympiques de Pékin en 2008 Bernard
54%
chanteur (1949) de son vrai nom Alain Le Govic Chamfort
50%
chanteur (1935) elle était si jolie Barrière
48%
sportif français d'origine algérienne(1921-2013) connu pour sa victoire au marathon des Jeux olympiques d'été de 1956 à Melbourne Mimoun
48%
navigateur (1943-1978) disparu en mer le 16 novembre 1978 au large des Açores Colas
39%
homme politique français (1909-1996) ancien président du Sénat Poher
37%
académicien, écrivain, historien (1925-2016) connu du grand public pour avoir été un grand conteur d'histoires à la télévision Decaux
36%
cinéaste (1922-2014) nuit et brouillard Resnais
31%
patineur artistique (1940) ancien ministre de la Jeunesse et des Sports Calmat
26%
scientifique (1924-2005) connu pour sa traversée en solitaire de l'océan Atlantique, d'une durée de 65 jours, à bord d'un canot pneumatique Bombard
24%
cinéaste (1943-2010) Fort Saganne Corneau
17%
homme politique français (1925-1999) ancien maire de Provins Peyrefitte
10%
basketeur (1945-2014) joueur emblématique de l'ASVEL Lyon-Villeurbanne dans les années 1970 Gilles
9%
Aucun quiz correspondant
Distribution des résultats
% des personnes avec chaque résultat
Percentile par nombre de réponses
Votre historique - résultats
Vous n’avez pas pris ce quiz